|
|
|
|
| LEADER |
02457nam a2200649 i 4500 |
| 001 |
nkc20172866140 |
| 003 |
CZ PrNK |
| 005 |
20170403134037.0 |
| 007 |
ta |
| 008 |
170103s2015 xr a e f 001 0 cze |
| 015 |
|
|
|a cnb002866140
|
| 020 |
|
|
|a 978-80-7315-252-9
|q (Paido ;
|q brožováno)
|
| 020 |
|
|
|a 978-80-210-7577-1
|q (Masarykova univerzita ;
|q brožováno)
|
| 035 |
|
|
|a (OCoLC)982106036
|
| 040 |
|
|
|a OLA001
|b cze
|e rda
|
| 041 |
0 |
|
|a cze
|b cze
|b eng
|
| 072 |
|
7 |
|a 5
|x Přírodní vědy. Matematické vědy
|2 Konspekt
|9 6
|
| 080 |
|
|
|a 5
|2 MRF
|
| 080 |
|
|
|a 37.091.33-047.42
|2 MRF
|
| 080 |
|
|
|a 37.0:5
|2 MRF
|
| 080 |
|
|
|a 37.03:5
|2 MRF
|
| 080 |
|
|
|a 37.016.026
|2 MRF
|
| 080 |
|
|
|a 37.091.313:159.955
|2 MRF
|
| 080 |
|
|
|a (048.8:082)
|2 MRF
|
| 100 |
1 |
|
|a Trna, Josef,
|d 1954-2017
|7 xx0009469
|4 aut
|
| 245 |
1 |
0 |
|a Moduly s experimenty v badatelsky orientovaném přírodovědném vzdělávání /
|c Josef Trna, Eva Trnová
|
| 264 |
|
1 |
|a Brno :
|b Paido :
|b Masarykova univerzita,
|c 2015
|
| 300 |
|
|
|a 133 stran :
|b ilustrace ;
|c 23 cm
|
| 336 |
|
|
|a text
|b txt
|2 rdacontent
|
| 337 |
|
|
|a bez média
|b n
|2 rdamedia
|
| 338 |
|
|
|a svazek
|b nc
|2 rdacarrier
|
| 490 |
1 |
|
|a Pedagogický vývoj a inovace ;
|v svazek 2
|
| 500 |
|
|
|a 200 výtisků
|
| 504 |
|
|
|a Obsahuje bibliografii a rejstříky
|
| 546 |
|
|
|a Anglické resumé
|
| 650 |
0 |
7 |
|a přírodní vědy
|7 ph115999
|2 czenas
|
| 650 |
0 |
7 |
|a školní pokusy
|7 ph127811
|2 czenas
|
| 650 |
0 |
7 |
|a přírodovědné vzdělávání
|7 ph344088
|2 czenas
|
| 650 |
0 |
7 |
|a přírodovědná gramotnost
|7 ph228433
|2 czenas
|
| 650 |
0 |
7 |
|a předmětová didaktika
|7 ph162893
|2 czenas
|
| 650 |
0 |
7 |
|a badatelsky orientovaná výuka
|7 ph862593
|2 czenas
|
| 650 |
0 |
9 |
|a natural sciences
|2 eczenas
|
| 650 |
0 |
9 |
|a school experiments
|2 eczenas
|
| 650 |
0 |
9 |
|a science education
|2 eczenas
|
| 650 |
0 |
9 |
|a science literacy
|2 eczenas
|
| 650 |
0 |
9 |
|a teaching school subjects
|2 eczenas
|
| 650 |
0 |
9 |
|a enquiry-based instruction
|2 eczenas
|
| 655 |
|
7 |
|a kolektivní monografie
|7 fd501537
|2 czenas
|
| 655 |
|
9 |
|a collective monographs
|2 eczenas
|
| 700 |
1 |
|
|a Trnová, Eva
|7 osa2012715038
|4 aut
|
| 830 |
|
0 |
|a Pedagogický vývoj a inovace
|0 s
|
| 910 |
2 |
|
|a BOA001
|b 2-1384.051
|
| 990 |
|
|
|a BK
|
| 995 |
|
|
|a 01
|
| 991 |
|
|
|b 201702
|c NOV
|
| 996 |
6 |
|
|b 2610696650
|c 2-1384.051
|l MZK
|r Sklad / do 1 hodiny
|n 0
|p p.v.
|w 001598881
|u 000010
|a 1
|e BOA001
|j MZK50
|s P
|
| 996 |
7 |
|
|b 2610696651
|c 2-1384.051
|l MZK
|r Sklad / do 1 hodiny
|n 3
|p p.v.
|w 001598881
|u 000020
|a 1
|e BOA001
|j MZK50
|s A
|